000 00580 a2200193 4500
999 _c3391
_d3391
020 _a0435449168
050 _aLB 1140 BEI 2005
100 _aBeith, Kate
_eAuthor
245 _aChildren's care and learning and development /
_cKate Beith...[etal]
264 _aUnited Kingdom:
_bHeinneman,
_c2005
300 _a361p. :
_bill. (col.)
440 _aS/ NVQ Level 2
500 _aIncludes index
650 _aEarly childhood education
700 _aTassoni, Penny
_eAuthor
700 _aBulman, Kath
_eAuthor
700 _aRobinson, Maria
_eAuthor
942 _2lcc
_cBK
_h1140
_iBEI
_kLB